<?xml version="1.0" encoding="UTF-8"?>
<record
    xmlns:xsi="http://www.w3.org/2001/XMLSchema-instance"
    xsi:schemaLocation="http://www.loc.gov/MARC21/slim http://www.loc.gov/standards/marcxml/schema/MARC21slim.xsd"
    xmlns="http://www.loc.gov/MARC21/slim">

  <leader>01288nam a22001457a 4500</leader>
  <datafield tag="999" ind1=" " ind2=" ">
    <subfield code="c">524103</subfield>
    <subfield code="d">524103</subfield>
  </datafield>
  <controlfield tag="008">231030b           ||||| |||| 00| 0 eng d</controlfield>
  <datafield tag="100" ind1=" " ind2=" ">
    <subfield code="a">Alexander, Rhoda </subfield>
    <subfield code="9">45048</subfield>
  </datafield>
  <datafield tag="245" ind1=" " ind2=" ">
    <subfield code="a">Virtual teaching experience amidst the pandemic: A perspective from the middle East</subfield>
  </datafield>
  <datafield tag="260" ind1=" " ind2=" ">
    <subfield code="a">Management and Labour Studies  </subfield>
  </datafield>
  <datafield tag="300" ind1=" " ind2=" ">
    <subfield code="a">48(2), May, 2023: p.197-201</subfield>
  </datafield>
  <datafield tag="520" ind1=" " ind2=" ">
    <subfield code="a">The novel coronavirus pandemic has disrupted almost all industries across the globe. The higher education sector in the Middle East too witnessed drastic changes in the teaching and learning process. Digital education, which authorities contemplated would take years to implement, was enforced overnight in the region. However, transformation to the online mode of learning posed many obstacles. As a finance educator in the region, I narrate here my experiences with respect to the challenges faced in managing the disruption, methods adopted to engage students, and the different techniques used for online assessments &amp; student feedback. Finally, a reflection on factors which resulted in the successful delivery of the module is also provided.- Reproduced 

https://journals.sagepub.com/doi/full/10.1177/0258042X211069289
</subfield>
  </datafield>
  <datafield tag="773" ind1=" " ind2=" ">
    <subfield code="a">Management and Labour Studies  </subfield>
  </datafield>
  <datafield tag="906" ind1=" " ind2=" ">
    <subfield code="a">ONLINE TEACHING</subfield>
  </datafield>
  <datafield tag="942" ind1=" " ind2=" ">
    <subfield code="c">AR</subfield>
  </datafield>
  <datafield tag="952" ind1=" " ind2=" ">
    <subfield code="0">0</subfield>
    <subfield code="1">0</subfield>
    <subfield code="2">ddc</subfield>
    <subfield code="4">0</subfield>
    <subfield code="7">0</subfield>
    <subfield code="9">399154</subfield>
    <subfield code="a">IIPA</subfield>
    <subfield code="b">IIPA</subfield>
    <subfield code="d">2023-10-30</subfield>
    <subfield code="h">48(2), May, 2023: p.197-201</subfield>
    <subfield code="p">AR129979</subfield>
    <subfield code="r">2023-10-30</subfield>
    <subfield code="y">AR</subfield>
  </datafield>
</record>
